[Event "ODJM A 2018"]
[Site "Willingen GER"]
[Date "2018.05.20"]
[Round "1"]
[White "Elier, Ali"]
[Black "Isler, Benjamin"]
[Result "1/2-1/2"]
[Termination "normal"]
[Board "35"]
[WhiteElo "1987"]
[BlackElo "1881"]
[PlyCount "40"]
[WhiteFideId "16217543"]
[BlackFideId "12975478"]
[EventCountry "GER"]
[EventRounds "9"]
[EventType "swiss"]
[EventDate "2018.05.19"]

1. e4 e6 2. d4 d5 3. Nd2 c5 4. exd5 Qxd5 5. Ngf3 cxd4 6. Bc4 Qd6 7. O-O Nf6 8.
Nb3 Nc6 9. Nbxd4 Nxd4 10. Nxd4 a6 11. c3 Qc7 12. Qa4+ Bd7 13. Bb5 O-O-O 14.
Bxd7+ Rxd7 15. Be3 Ng4 16. g3 Nxe3 17. fxe3 Bd6 18. Rf2 h5 19. Nf3 Bc5 20. Re1
Be7 1/2-1/2

[Event "ODJM A 2018"]
[Site "Willingen GER"]
[Date "2018.05.20"]
[Round "1"]
[White "Klenk, Sofie"]
[Black "Beesk, Kevin"]
[Result "0-1"]
[Termination "normal"]
[Board "36"]
[WhiteElo "1898"]
[BlackElo "1968"]
[PlyCount "120"]
[WhiteFideId "12996653"]
[BlackFideId "1271882"]
[EventCountry "GER"]
[EventRounds "9"]
[EventType "swiss"]
[EventDate "2018.05.19"]

1. e4 c5 2. Nf3 e6 3. d4 cxd4 4. Nxd4 Nc6 5. Nc3 Qc7 6. g3 a6 7. Bg2 Nf6 8. O-O
Nxd4 9. Qxd4 Bc5 10. Qd3 Ng4 11. Nd1 O-O 12. c3 d6 13. h3 Ne5 14. Qe2 Bd7 15.
b3 Rfd8 16. Bb2 b5 17. Kh2 Bc6 18. f4 Nd7 19. Ne3 Qb7 20. Nc2 d5 21. e5 b4 22.
Qd2 bxc3 23. Bxc3 Bb5 24. Rfe1 Bf8 25. Nd4 Nc5 26. Nxb5 axb5 27. Qe2 b4 28. Bd4
Na6 29. Rec1 Rdc8 30. Qe3 Nc7 31. Rc2 Nb5 32. Rac1 Na3 33. Rxc8 Rxc8 34. Bc5
Qc6 35. Bxf8 Qxc1 36. Qxc1 Rxc1 37. Bxb4 Nc2 38. Bd2 Ra1 39. a4 Ra3 40. a5 Rxb3
41. a6 Ra3 42. Bf1 Kf8 43. g4 Ke8 44. f5 Kd8 45. Bg5+ Kc7 46. Be7 Ra2 47. Kg3
Ne3 48. Bd3 g6 49. fxg6 fxg6 50. Kf4 Nc4 51. Bf6 Rxa6 52. Kg5 Ra3 53. Bxc4 dxc4
54. h4 Kc6 55. Kh6 Ra7 56. Bg5 Kd5 57. Bf4 c3 58. Kg5 Rf7 59. h5 gxh5 60. gxh5
Rxf4 0-1

[Event "ODJM A 2018"]
[Site "Willingen GER"]
[Date "2018.05.20"]
[Round "1"]
[White "Reitz, Philipp"]
[Black "Grunert, Friedrich"]
[Result "1-0"]
[Termination "normal"]
[Board "37"]
[WhiteElo "1975"]
[BlackElo "1828"]
[PlyCount "65"]
[WhiteFideId "12973297"]
[BlackFideId "12995592"]
[EventCountry "GER"]
[EventRounds "9"]
[EventType "swiss"]
[EventDate "2018.05.19"]

1. e4 e6 2. d4 d5 3. Nc3 Bb4 4. e5 c5 5. Bd2 Nh6 6. a3 Bxc3 7. Bxc3 b6 8. Bb5+
Bd7 9. Bd3 Nc6 10. Nf3 cxd4 11. Bxd4 Nxd4 12. Nxd4 O-O 13. O-O f6 14. Nf3 Be8
15. Nd4 Qe7 16. Qe2 fxe5 17. Qxe5 Rf6 18. Rae1 Nf7 19. Qxd5 Rd8 20. Qe4 Ng5 21.
Qg4 Rh6 22. h4 Rxd4 23. Qxd4 Rxh4 24. Qe5 Rh5 25. Qe3 Bc6 26. f4 Nf3+ 27. Rxf3
Bxf3 28. Qxf3 Qh4 29. Rxe6 Qh2+ 30. Kf2 Qh4+ 31. Ke2 Rc5 32. Qa8+ Kf7 33. Qe8#
1-0

[Event "ODJM A 2018"]
[Site "Willingen GER"]
[Date "2018.05.20"]
[Round "1"]
[White "Perkampus, Laurin"]
[Black "Fistoul, Boris"]
[Result "1/2-1/2"]
[Termination "normal"]
[Board "38"]
[WhiteElo "1628"]
[BlackElo "1953"]
[PlyCount "41"]
[WhiteFideId "16232283"]
[BlackFideId "12953962"]
[EventCountry "GER"]
[EventRounds "9"]
[EventType "swiss"]
[EventDate "2018.05.19"]

1. d4 e6 2. e4 b6 3. Nf3 Bb7 4. Bd3 c5 5. c3 Nf6 6. Qe2 Be7 7. O-O Nc6 8. e5
Nd5 9. dxc5 Bxc5 10. c4 Ndb4 11. Be4 Na5 12. Bxb7 Nxb7 13. Nc3 O-O 14. Rd1 a6
15. Bf4 Qc7 16. a3 Nc6 17. Qd3 Rad8 18. Ne4 f5 19. Nd6 Qb8 20. Rab1 h6 21. h4
1/2-1/2

[Event "ODJM A 2018"]
[Site "Willingen GER"]
[Date "2018.05.20"]
[Round "1"]
[White "Weber, Jannis"]
[Black "Gallasch, Robin"]
[Result "0-1"]
[Termination "normal"]
[Board "39"]
[WhiteElo "1871"]
[BlackElo "1752"]
[PlyCount "110"]
[WhiteFideId "12990760"]
[BlackFideId "16222423"]
[EventCountry "GER"]
[EventRounds "9"]
[EventType "swiss"]
[EventDate "2018.05.19"]

1. e4 c6 2. d4 d5 3. exd5 cxd5 4. c4 Nf6 5. Nc3 g6 6. Qb3 Bg7 7. cxd5 O-O 8.
Nge2 Nbd7 9. g3 Nb6 10. Bg2 e6 11. d6 Qxd6 12. Bf4 Qd8 13. O-O Nfd5 14. Be5 Qd7
15. Bxg7 Kxg7 16. Nxd5 Nxd5 17. Nc3 Rd8 18. Nxd5 exd5 19. Rfe1 b6 20. Re5 Bb7
21. Rae1 Rac8 22. Re7 Qc6 23. Qe3 Rd7 24. Qe5+ Kg8 25. Bh3 Rxe7 26. Qxe7 Rf8
27. Kg2 a6 28. Bg4 Bc8 29. Bf3 Be6 30. Qg5 Re8 31. Re5 f6 32. Rxe6 Qxe6 33.
Qxd5 Qxd5 34. Bxd5+ Kg7 35. Kf3 f5 36. Bc6 Re1 37. b3 Kf6 38. Bb7 a5 39. Ba6
Re4 40. d5 Ke5 41. h4 a4 42. Bc4 a3 43. Kg2 Re1 44. Kf3 Ra1 45. b4 Rb1 46. d6
Kxd6 47. Bg8 Rxb4 48. Bxh7 Rb2 49. Bxg6 Rxa2 50. Bf7 Rb2 51. Kf4 Ke7 52. Bd5
Rxf2+ 53. Kg5 a2 54. Bxa2 Rxa2 55. Kxf5 Kf7 0-1

[Event "ODJM A 2018"]
[Site "Willingen GER"]
[Date "2018.05.20"]
[Round "1"]
[White "Matthes, Aaron"]
[Black "Englert, Jon"]
[Result "1-0"]
[Termination "normal"]
[Board "40"]
[WhiteElo "1689"]
[BlackElo "2031"]
[PlyCount "85"]
[WhiteFideId "16227310"]
[BlackFideId "12992275"]
[EventCountry "GER"]
[EventRounds "9"]
[EventType "swiss"]
[EventDate "2018.05.19"]

1. e4 g6 2. d4 Bg7 3. c4 d6 4. Nc3 Nf6 5. Nf3 O-O 6. Be2 e5 7. dxe5 dxe5 8. Bg5
Nbd7 9. Qc1 c6 10. O-O Qc7 11. b4 Nh5 12. Rd1 f6 13. Be3 Nf4 14. Bf1 g5 15. g3
Ng6 16. c5 Kh8 17. Rd6 Re8 18. Rd1 Ndf8 19. Nd2 Be6 20. Nc4 Nd7 21. Nd6 Re7 22.
Na4 Bg4 23. Re1 b5 24. Nb2 Rd8 25. a4 a6 26. axb5 axb5 27. Ra6 Nb8 28. Ra8 Bf8
29. Be2 Bxe2 30. Rxe2 Red7 31. Nf5 Qb7 32. Qa1 Be7 33. Qa2 Bf8 34. Kg2 Qc7 35.
Qe6 Rf7 36. Rd2 Rxd2 37. Bxd2 Qd7 38. Qb3 Qb7 39. Rxb8 Qxb8 40. Qxf7 Qd8 41.
Be3 Ne7 42. Qxf6+ Kg8 43. Qxg5+ 1-0

[Event "ODJM A 2018"]
[Site "Willingen GER"]
[Date "2018.05.20"]
[Round "1"]
[White "Pölt, Christoph"]
[Black "Buhr, Patrick"]
[Result "1/2-1/2"]
[Termination "normal"]
[Board "41"]
[WhiteElo "1903"]
[BlackElo "1797"]
[PlyCount "68"]
[WhiteFideId "12960853"]
[BlackFideId "16206436"]
[EventCountry "GER"]
[EventRounds "9"]
[EventType "swiss"]
[EventDate "2018.05.19"]

1. d4 d5 2. c4 c6 3. cxd5 cxd5 4. Bf4 Nf6 5. e3 Nc6 6. Nc3 a6 7. Bd3 e6 8. Rc1
Be7 9. Nf3 O-O 10. h3 b5 11. O-O Bb7 12. Qe2 Qb6 13. Ne5 Rfc8 14. g4 g6 15. h4
Nxe5 16. Bxe5 Ne4 17. Bxe4 dxe4 18. g5 b4 19. Na4 Qa5 20. b3 Bc6 21. Qc2 Qd8
22. Nc5 Bb5 23. Rfd1 Bd3 24. Qd2 Bxc5 25. dxc5 Qd5 26. Qb2 Rxc5 27. Bh8 Kf8 28.
Rxc5 Qxc5 29. Rc1 Qf5 30. Qg7+ Ke7 31. Qxh7 Qh3 32. Rc7+ Kd6 33. Rxf7 Ra7 34.
Be5+ Kxe5 1/2-1/2

[Event "ODJM A 2018"]
[Site "Willingen GER"]
[Date "2018.05.20"]
[Round "1"]
[White "Bartelt, Max Peter"]
[Black "Meiwes, Thore"]
[Result "1/2-1/2"]
[Termination "normal"]
[Board "42"]
[WhiteElo "1807"]
[BlackElo "1771"]
[PlyCount "80"]
[WhiteFideId "12967289"]
[BlackFideId "16201256"]
[EventCountry "GER"]
[EventRounds "9"]
[EventType "swiss"]
[EventDate "2018.05.19"]

1. d4 Nf6 2. Nf3 e6 3. g3 d5 4. Bg2 Be7 5. O-O O-O 6. c4 dxc4 7. Qc2 a6 8. a4
Bd7 9. Ne5 Nc6 10. Nxc4 Nxd4 11. Qd3 Bc6 12. e4 Bc5 13. Bg5 h6 14. Bf4 Qe7 15.
b4 Ba7 16. Ne5 Rfd8 17. Nd2 Qxb4 18. Rfb1 Qe7 19. Qc4 Rab8 20. Ra2 Bxa4 21.
Qxa4 Ne2+ 22. Kf1 Nxf4 23. gxf4 Nh5 24. Ndf3 Nxf4 25. Rab2 c6 26. Qc4 f6 27.
Ng4 Nxg2 28. Kxg2 h5 29. Ne3 Bxe3 30. fxe3 g5 31. Nd4 b5 32. Nxc6 Qd6 33. Nxd8
bxc4 34. Rxb8 Qd2+ 35. Kf1 Qd3+ 36. Kf2 Qd2+ 37. Kf1 Qd3+ 38. Kg2 Qe2+ 39. Kg1
Qxe3+ 40. Kf1 Qf3+ 1/2-1/2

[Event "ODJM A 2018"]
[Site "Willingen GER"]
[Date "2018.05.20"]
[Round "2"]
[White "Rieper, Julian"]
[Black "Krause, Benedict"]
[Result "0-1"]
[Termination "normal"]
[Board "1"]
[BlackTitle "FM"]
[WhiteElo "2038"]
[BlackElo "2448"]
[WhiteClock "00:12:03"]
[BlackClock "00:09:44"]
[PlyCount "128"]
[WhiteFideId "12936960"]
[BlackFideId "12917990"]
[EventCountry "GER"]
[EventRounds "9"]
[EventType "swiss"]
[EventDate "2018.05.19"]

1. e4 {[%clk 1:30:57]} 1... c5 {[%clk 1:30:56]} 2. Nf3 {[%clk 1:31:18]} 2... e6
{[%clk 1:31:21]} 3. d4 {[%clk 1:31:43]} 3... cxd4 {[%clk 1:31:44]} 4. Nxd4 {
[%clk 1:32:08]} 4... Nc6 {[%clk 1:32:08]} 5. Nc3 {[%clk 1:32:20]} 5... Qc7 {
[%clk 1:32:33]} 6. Be3 {[%clk 1:32:20]} 6... a6 {[%clk 1:32:59]} 7. Be2 { [%clk
1:32:06]} 7... b5 {[%clk 1:33:24]} 8. O-O {[%clk 1:30:46]} 8... Bb7 { [%clk
1:33:32]} 9. f4 {[%clk 1:24:46]} 9... Bc5 {[%clk 1:32:18]} 10. Bf3 { [%clk
1:21:57]} 10... Nge7 {[%clk 1:24:24]} 11. Qd2 {[%clk 1:17:21]} 11... Qb6 {[%clk
1:14:47]} 12. Rad1 {[%clk 1:16:16]} 12... O-O {[%clk 1:09:19]} 13. Qf2 { [%clk
1:04:40]} 13... Rac8 {[%clk 1:00:00]} 14. Nce2 {[%clk 0:54:46]} 14... Nxd4
{[%clk 0:47:16]} 15. Nxd4 {[%clk 0:52:58]} 15... b4 {[%clk 0:45:29]} 16. Rd3
{[%clk 0:36:15]} 16... a5 {[%clk 0:39:26]} 17. Rfd1 {[%clk 0:31:09]} 17... Ba6
{[%clk 0:33:36]} 18. R3d2 {[%clk 0:30:00]} 18... d6 {[%clk 0:28:18]} 19. Re1
{[%clk 0:24:37]} 19... Rfd8 {[%clk 0:22:54]} 20. Bg4 {[%clk 0:20:53]} 20... Bb7
{[%clk 0:18:37]} 21. Nxe6 {[%clk 0:18:08]} 21... Bxe3 {[%clk 0:16:20]} 22. Qxe3
{[%clk 0:16:45]} 22... Qxe3+ {[%clk 0:15:39]} 23. Rxe3 {[%clk 0:17:09]} 23...
fxe6 {[%clk 0:15:18]} 24. Bxe6+ {[%clk 0:17:35]} 24... Kf8 { [%clk 0:14:01]}
25. Bxc8 {[%clk 0:17:50]} 25... Rxc8 {[%clk 0:12:17]} 26. c3 { [%clk 0:12:23]}
26... d5 {[%clk 0:07:13]} 27. exd5 {[%clk 0:07:09]} 27... Nxd5 {[%clk 0:07:01]}
28. Re5 {[%clk 0:07:19]} 28... bxc3 {[%clk 0:06:55]} 29. bxc3 {[%clk 0:07:39]}
29... Rxc3 {[%clk 0:05:39]} 30. Rb2 {[%clk 0:04:36]} 30... Bc6 {[%clk 0:04:12]}
31. h3 {[%clk 0:02:46]} 31... Kf7 {[%clk 0:01:54]} 32. Rd2 { [%clk 0:02:08]}
32... Ra3 33. Rexd5 {[%clk 0:00:35]} 33... Bxd5 {[%clk 0:01:04] } 34. Rxd5
{[%clk 0:00:59]} 34... Rxa2 {[%clk 0:01:30]} 35. Rd7+ { [%clk 0:01:04]} 35...
Kf6 {[%clk 0:01:44]} 36. Kh2 {[%clk 0:01:05]} 36... h5 { [%clk 0:01:50]} 37.
Kg3 {[%clk 0:00:45]} 37... h4+ {[%clk 0:01:47]} 38. Kxh4 { [%clk 0:00:37]}
38... Rxg2 {[%clk 0:02:12]} 39. Ra7 {[%clk 0:00:55]} 39... Ra2 {[%clk 0:02:04]}
40. Kg4 {[%clk 0:01:06]} 40... a4 {[%clk 0:01:52]} 41. Ra6+ { [%clk 0:01:19]}
41... Kf7 {[%clk 0:30:25]} 42. Kf5 {[%clk 0:30:59]} 42... a3 { [%clk 0:28:57]}
43. Ra7+ {[%clk 0:30:23]} 43... Kg8 {[%clk 0:28:14]} 44. h4 { [%clk 0:29:05]}
44... Kh7 {[%clk 0:27:21]} 45. h5 {[%clk 0:27:34]} 45... Ra1 { [%clk 0:26:07]}
46. Ra8 {[%clk 0:26:46]} 46... a2 {[%clk 0:19:49]} 47. Ra7 { [%clk 0:26:41]}
47... Kg8 {[%clk 0:18:35]} 48. Ra8+ {[%clk 0:26:56]} 48... Kf7 {[%clk 0:18:39]}
49. Ra7+ {[%clk 0:27:23]} 49... Ke8 {[%clk 0:17:43]} 50. Ra8+ {[%clk 0:27:45]}
50... Kd7 {[%clk 0:16:34]} 51. Ra7+ {[%clk 0:27:58]} 51... Kc6 {[%clk 0:16:22]}
52. Rxg7 {[%clk 0:27:08]} 52... Rh1 {[%clk 0:13:11]} 53. Ra7 { [%clk 0:26:40]}
53... a1=Q {[%clk 0:13:16]} 54. Rxa1 {[%clk 0:26:47]} 54... Rxa1 {[%clk
0:13:40]} 55. Ke6 {[%clk 0:15:48]} 55... Re1+ {[%clk 0:11:09]} 56. Kf7 {[%clk
0:15:15]} 56... Rh1 {[%clk 0:10:17]} 57. f5 {[%clk 0:11:08]} 57... Rxh5 {[%clk
0:08:19]} 58. Ke6 {[%clk 0:10:34]} 58... Rh1 {[%clk 0:08:36]} 59. f6 {[%clk
0:10:27]} 59... Re1+ {[%clk 0:09:01]} 60. Kf7 {[%clk 0:10:43]} 60... Kd7 {[%clk
0:09:26]} 61. Kg8 {[%clk 0:10:53]} 61... Ke6 {[%clk 0:09:13]} 62. f7 {[%clk
0:11:13]} 62... Rg1+ {[%clk 0:09:20]} 63. Kh8 {[%clk 0:11:36]} 63... Kxf7
{[%clk 0:09:44]} 64. Kh7 {[%clk 0:12:03]} 64... Rh1# 0-1

[Event "ODJM A 2018"]
[Site "Willingen GER"]
[Date "2018.05.20"]
[Round "2"]
[White "Wanner, Lukas"]
[Black "Syrov, Arkadi"]
[Result "0-1"]
[Termination "normal"]
[Board "3"]
[WhiteElo "2045"]
[BlackElo "2291"]
[WhiteClock "00:13:16"]
[BlackClock "00:13:57"]
[PlyCount "78"]
[WhiteFideId "12918148"]
[BlackFideId "12942448"]
[EventCountry "GER"]
[EventRounds "9"]
[EventType "swiss"]
[EventDate "2018.05.19"]

1. c4 {[%clk 1:30:59]} 1... c5 {[%clk 1:30:56]} 2. g3 {[%clk 1:31:18]} 2... Nc6
{[%clk 1:31:22]} 3. Bg2 {[%clk 1:31:39]} 3... g5 {[%clk 1:31:49]} 4. Nc3 {
[%clk 1:25:59]} 4... Bg7 {[%clk 1:31:28]} 5. d3 {[%clk 1:20:47]} 5... g4 {
[%clk 1:31:47]} 6. h3 {[%clk 1:19:09]} 6... h5 {[%clk 1:31:50]} 7. hxg4 { [%clk
1:18:06]} 7... hxg4 {[%clk 1:32:16]} 8. Rxh8 {[%clk 1:18:26]} 8... Bxh8 { [%clk
1:32:42]} 9. Qd2 {[%clk 1:12:37]} 9... d6 {[%clk 1:24:58]} 10. b3 { [%clk
1:12:15]} 10... Bd7 {[%clk 1:24:08]} 11. Bb2 {[%clk 1:11:39]} 11... Qa5 { [%clk
1:24:03]} 12. O-O-O {[%clk 1:09:05]} 12... O-O-O {[%clk 1:24:18]} 13. e3 {[%clk
1:06:56]} 13... Nh6 {[%clk 1:19:52]} 14. Nge2 {[%clk 1:06:30]} 14... Nf5 {[%clk
1:19:53]} 15. Rh1 {[%clk 1:02:19]} 15... Bg7 {[%clk 1:08:33]} 16. a3 { [%clk
0:59:07]} 16... Rh8 {[%clk 1:06:20]} 17. Rxh8+ {[%clk 0:59:19]} 17... Bxh8
{[%clk 1:06:45]} 18. Ne4 {[%clk 0:58:50]} 18... Bxb2+ {[%clk 1:02:07]} 19. Kxb2
{[%clk 0:59:10]} 19... Qd8 {[%clk 0:55:22]} 20. Qd1 {[%clk 0:48:11]} 20... Qh8+
{[%clk 0:55:14]} 21. N2c3 {[%clk 0:46:11]} 21... Qh2 {[%clk 0:47:09]} 22. Qh1
{[%clk 0:43:20]} 22... Qxh1 {[%clk 0:44:31]} 23. Bxh1 {[%clk 0:43:45]} 23...
Ne5 {[%clk 0:44:58]} 24. Kc2 {[%clk 0:43:24]} 24... Bc6 {[%clk 0:45:16]} 25.
Ne2 {[%clk 0:38:48]} 25... Nf3 {[%clk 0:43:16]} 26. Nf4 {[%clk 0:30:45]} 26...
Nh6 {[%clk 0:22:40]} 27. Kd1 {[%clk 0:21:56]} 27... Bxe4 {[%clk 0:19:45]} 28.
dxe4 {[%clk 0:22:20]} 28... Ne5 {[%clk 0:20:10]} 29. Ke2 {[%clk 0:21:49]} 29...
e6 {[%clk 0:17:59]} 30. f3 {[%clk 0:20:01]} 30... Kd7 {[%clk 0:17:08]} 31. Nh5
{[%clk 0:18:51]} 31... gxf3+ {[%clk 0:16:08]} 32. Bxf3 {[%clk 0:19:16]} 32...
Nhg4 {[%clk 0:16:20]} 33. Bxg4 {[%clk 0:17:06]} 33... Nxg4 { [%clk 0:16:44]}
34. Nf4 {[%clk 0:16:53]} 34... Ne5 {[%clk 0:16:44]} 35. Nh5 { [%clk 0:13:06]}
35... Ke7 {[%clk 0:15:38]} 36. Kd2 {[%clk 0:13:09]} 36... Ng4 { [%clk 0:14:19]}
37. Ke2 {[%clk 0:13:33]} 37... Nf6 {[%clk 0:14:00]} 38. Nf4 { [%clk 0:13:45]}
38... Nxe4 {[%clk 0:14:19]} 39. Nh5 {[%clk 0:13:16]} 39... f5 { [%clk 0:13:57]}
0-1

[Event "ODJM A 2018"]
[Site "Willingen GER"]
[Date "2018.05.20"]
[Round "2"]
[White "Holtel, Jasper"]
[Black "Brunner, Jan"]
[Result "1-0"]
[Termination "normal"]
[Board "4"]
[WhiteTitle "FM"]
[WhiteElo "2240"]
[BlackElo "2005"]
[WhiteClock "00:04:32"]
[BlackClock "00:45:15"]
[PlyCount "67"]
[WhiteFideId "12956376"]
[BlackFideId "12981010"]
[EventCountry "GER"]
[EventRounds "9"]
[EventType "swiss"]
[EventDate "2018.05.19"]

1. e4 {[%clk 1:31:00]} 1... c5 {[%clk 1:30:55]} 2. Nf3 {[%clk 1:28:26]} 2...
Nc6 {[%clk 1:31:22]} 3. Bb5 {[%clk 1:28:39]} 3... g6 {[%clk 1:31:47]} 4. Bxc6 {
[%clk 1:28:18]} 4... bxc6 {[%clk 1:32:13]} 5. O-O {[%clk 1:28:32]} 5... Bg7 {
[%clk 1:32:39]} 6. Re1 {[%clk 1:28:47]} 6... Nh6 {[%clk 1:31:41]} 7. c3 { [%clk
1:27:36]} 7... O-O {[%clk 1:31:04]} 8. h3 {[%clk 1:27:37]} 8... d5 { [%clk
1:28:27]} 9. d3 {[%clk 1:22:54]} 9... Ba6 {[%clk 1:25:15]} 10. Be3 { [%clk
0:45:24]} 10... d4 {[%clk 1:19:40]} 11. cxd4 {[%clk 0:34:39]} 11... cxd4 {[%clk
1:20:06]} 12. Bf4 {[%clk 0:33:32]} 12... f6 {[%clk 1:15:12]} 13. Qa4 { [%clk
0:31:22]} 13... Qb6 {[%clk 1:11:37]} 14. Qxd4 {[%clk 0:26:27]} 14... Qxd4
{[%clk 1:04:40]} 15. Nxd4 {[%clk 0:26:47]} 15... g5 {[%clk 1:04:45]} 16. Bc1 {
[%clk 0:24:21]} 16... Bxd3 {[%clk 0:59:24]} 17. Nxc6 {[%clk 0:23:21]} 17... e6
{[%clk 0:57:25]} 18. Nc3 {[%clk 0:22:14]} 18... Nf7 {[%clk 0:54:36]} 19. Rd1 {
[%clk 0:16:51]} 19... Bc4 {[%clk 0:53:05]} 20. Be3 {[%clk 0:16:08]} 20... a5 {
[%clk 0:51:47]} 21. b3 {[%clk 0:11:26]} 21... Ba6 {[%clk 0:51:45]} 22. Rac1 {
[%clk 0:10:30]} 22... Bb7 {[%clk 0:51:17]} 23. Na4 {[%clk 0:09:36]} 23... Nd8 {
[%clk 0:49:22]} 24. Nxd8 {[%clk 0:08:11]} 24... Raxd8 {[%clk 0:48:51]} 25. f3 {
[%clk 0:06:31]} 25... h6 {[%clk 0:47:19]} 26. Bb6 {[%clk 0:05:43]} 26... Rxd1+
{[%clk 0:46:05]} 27. Rxd1 {[%clk 0:06:06]} 27... f5 {[%clk 0:46:05]} 28. exf5 {
[%clk 0:05:59]} 28... Rxf5 {[%clk 0:46:12]} 29. Rd6 {[%clk 0:04:47]} 29... Re5
{[%clk 0:45:39]} 30. Rd7 {[%clk 0:04:27]} 30... Bc6 {[%clk 0:45:13]} 31. Rxg7+
{[%clk 0:04:46]} 31... Kxg7 {[%clk 0:45:37]} 32. Bd4 {[%clk 0:05:09]} 32... Kf6
{[%clk 0:45:59]} 33. g4 {[%clk 0:04:14]} 33... Bxf3 {[%clk 0:45:15]} 34. Nc5 {
[%clk 0:04:32]} 1-0

[Event "ODJM A 2018"]
[Site "Willingen GER"]
[Date "2018.05.20"]
[Round "2"]
[White "Engel, Robert"]
[Black "Goldbeck, Lars"]
[Result "1/2-1/2"]
[Termination "normal"]
[Board "5"]
[WhiteElo "2081"]
[BlackElo "2247"]
[WhiteClock "00:47:24"]
[BlackClock "00:20:20"]
[PlyCount "78"]
[WhiteFideId "12974684"]
[BlackFideId "16208188"]
[EventCountry "GER"]
[EventRounds "9"]
[EventType "swiss"]
[EventDate "2018.05.19"]

1. e4 {[%clk 1:30:58]} 1... c5 {[%clk 1:30:58]} 2. Nf3 {[%clk 1:31:22]} 2... d6
{[%clk 1:31:14]} 3. d4 {[%clk 1:31:48]} 3... cxd4 {[%clk 1:31:32]} 4. Nxd4 {
[%clk 1:32:11]} 4... Nf6 {[%clk 1:31:59]} 5. f3 {[%clk 1:32:34]} 5... e5 {
[%clk 1:32:26]} 6. Nb3 {[%clk 1:33:01]} 6... Be6 {[%clk 1:32:29]} 7. c4 { [%clk
1:33:27]} 7... Nbd7 {[%clk 1:32:34]} 8. Be3 {[%clk 1:33:32]} 8... Rc8 { [%clk
1:30:32]} 9. Nc3 {[%clk 1:33:48]} 9... Bxc4 {[%clk 1:29:38]} 10. Bxc4 { [%clk
1:34:11]} 10... Rxc4 {[%clk 1:30:06]} 11. Qd3 {[%clk 1:34:18]} 11... Rc6 {[%clk
1:25:05]} 12. Bxa7 {[%clk 1:33:42]} 12... b6 {[%clk 1:24:36]} 13. a4 { [%clk
1:32:43]} 13... Be7 {[%clk 1:21:24]} 14. O-O {[%clk 1:32:26]} 14... O-O { [%clk
1:18:47]} 15. a5 {[%clk 1:31:09]} 15... bxa5 {[%clk 1:14:04]} 16. Nxa5 { [%clk
1:30:38]} 16... Rc8 {[%clk 1:11:15]} 17. Rfd1 {[%clk 1:24:05]} 17... Qc7 {[%clk
1:04:14]} 18. Nb5 {[%clk 1:21:18]} 18... Qc2 {[%clk 1:04:24]} 19. Nxd6 { [%clk
1:20:29]} 19... Bxd6 {[%clk 1:03:21]} 20. Qxd6 {[%clk 1:16:49]} 20... Qxb2
{[%clk 1:00:12]} 21. Nc6 {[%clk 1:16:43]} 21... Kh8 {[%clk 0:52:28]} 22. Bf2
{[%clk 1:08:58]} 22... Rfe8 {[%clk 0:47:45]} 23. Rab1 {[%clk 1:07:53]} 23...
Qa2 {[%clk 0:45:08]} 24. Nb4 {[%clk 1:06:42]} 24... Qc4 {[%clk 0:43:57]} 25.
Qd3 {[%clk 1:04:31]} 25... h6 {[%clk 0:40:46]} 26. Qxc4 {[%clk 1:00:11]} 26...
Rxc4 {[%clk 0:38:39]} 27. Nd5 {[%clk 0:59:23]} 27... Ra8 {[%clk 0:34:57]} 28.
Nxf6 {[%clk 0:58:18]} 28... Nxf6 {[%clk 0:35:24]} 29. Bg3 {[%clk 0:58:12]}
29... Rc2 {[%clk 0:30:31]} 30. Rdc1 {[%clk 0:57:42]} 30... Rxc1+ { [%clk
0:30:48]} 31. Rxc1 {[%clk 0:58:12]} 31... Nd7 {[%clk 0:28:33]} 32. Rc7 { [%clk
0:55:45]} 32... Rd8 {[%clk 0:28:36]} 33. Rc1 {[%clk 0:53:56]} 33... Ra8 { [%clk
0:25:26]} 34. Rc7 {[%clk 0:54:17]} 34... Ra1+ {[%clk 0:25:14]} 35. Kf2 { [%clk
0:54:45]} 35... Rd1 {[%clk 0:25:26]} 36. Ke2 {[%clk 0:54:49]} 36... Rd6 { [%clk
0:25:43]} 37. Rc8+ {[%clk 0:53:02]} 37... Kh7 {[%clk 0:26:05]} 38. Rd8 { [%clk
0:53:13]} 38... f6 {[%clk 0:22:22]} 39. Bf2 {[%clk 0:47:24]} 39... Kg6 { [%clk
0:20:20]} 1/2-1/2